Jaka Wyspa Jońska... - Statystyki

Ogólne statystyki
  • Ten quiz został rozwiązany 5 razy
  • Średni wynik to 8 z 15
Statystyki odpowiedzi
Zagadnienie Odpowiedź % Poprawnych
Jaka Wyspa Jońska dała nazwę polskiemu biurze turystycznemu? Itaka
100%
Jaka Wyspa Jońska jest powiązana z mitycznym Odyseuszem? Itaka
80%
Jaka (główna) Wyspa Jońska jest najmniejsza pod względem powierzchni? Paksos
80%
Jaka Wyspa Jońska znana jest z największego lęgowiska żółwi Karetta w Europie? Zakynthos
80%
Jaka Wyspa Jońska jest największa? Kefalonia
60%
Jaka (główna) Wyspa Jońska położona jest najbardziej na północ? Korfu
60%
Jaka Wyspa Jońska posiada największą populację? Korfu
60%
Jaka Wyspa Jońska słynie z Achilleionu, pałacu cesarzowej Sisi? Korfu
60%
Jaka Wyspa Jońska połączona jest mostem z Peloponezem? Lefkada
60%
Jaka Wyspa Jońska słynie z gajów oliwnych liczących prawie 300 tysięcy drzew pokrywających prawie całą wyspę? Paksos
60%
Jaka Wyspa Jońska nie jest zaliczana do głównych wysp archipelagu? Kalamos
40%
Jaka Wyspa Jońska znana jest z posiadania najwyższego p.w. wysokości nad poziomem morza punktu archipelagu? Kefalonia
40%
Jaka Wyspa Jońska znana jest turystom z Zatoki Wraku? Zakynthos
40%
Jaka Wyspa Jońska została najbardziej dotknięta trzęsieniem ziemi w 1953 roku? Kefalonia
20%
Jaka (główna) Wyspa Jońska wysunięta jest najbardziej na południe? Kithira
0%
Nie znaleziono quizów pasujących do podanych kryteriów
Rozkład punktacji
Procent ludzi z każdym wynikiem
Percentyl według liczby udzielonych odpowiedzi
Twoja historia wyników
Nie rozwiązałeś tego quizu